Classic poems / (Record no. 169084)

MARC details
000 -LEADER
fixed length control field 00471nam a2200169 4500
005 - DATE AND TIME OF LATEST TRANSACTION
control field 20191105121921.0
010 ## - LCCN (DPL NO)
LC control number ENG-126818
020 ## - INTERNATIONAL STANDARD BOOK NUMBER
Terms of availability 450.00
035 ## - SYSTEM CONTROL NUMBER
System control number EN-110350
037 ## - SOURCE OF ACQUISITION
Source of stock number/acquisition DBAD/PUB
082 ## - DEWEY DECIMAL CLASSIFICATION NUMBER
Classification number 881
245 ## - TITLE STATEMENT
Title Classic poems /
Statement of responsibility, etc ed.by Sunil Gupta
260 ## - PUBLICATION, DISTRIBUTION, ETC. (IMPRINT)
Place of publication, distribution, etc Delhi
Name of publisher, distributor, etc Mukund Publication
Date of publication, distribution, etc 2019
270 ## - ADDRESS
Address E-11/5, Krishna Nagar, Delhi
Postal code 110051
Telephone number 7065961628, 9350345268
300 ## - PHYSICAL DESCRIPTION
Extent 151p.
Dimensions 22cm(Hb)
942 ## - ADDED ENTRY ELEMENTS (KOHA)
Source of classification or shelving scheme Dewey Decimal Classification
Item type English Books
Classification part 881
Call number suffix CLA
Holdings
Withdrawn status Lost status Not for loan Collection code Home library Current library Date acquired Source of acquisition Cost, normal purchase price Full call number Barcode Copy number Cost, replacement price Koha item type
      Non-fiction Central Library Central Library 05/11/2019 DBAD/PUB 450.00 881 CLA EN-110350 1 450.00 English Books

© Delhi Public Library
Hit Counter
free hit counter